Personal Finance/ (Record no. 175232)

MARC details
000 -LEADER
fixed length control field 00588nam a22001817a 4500
005 - DATE AND TIME OF LATEST TRANSACTION
control field 20200818154330.0
010 ## - LCCN (DPL NO)
LC control number ENG-128350
020 ## - INTERNATIONAL STANDARD BOOK NUMBER
Terms of availability 765.00
International Standard Book Number 9789353945930
035 ## - SYSTEM CONTROL NUMBER
System control number EN-111882
037 ## - SOURCE OF ACQUISITION
Source of stock number/acquisition DBAD/PUB
082 ## - DEWEY DECIMAL CLASSIFICATION NUMBER
Classification number 332.024
100 ## - MAIN ENTRY--PERSONAL NAME
Personal name Madura,Jeff
245 ## - TITLE STATEMENT
Title Personal Finance/
Statement of responsibility, etc by Jeff Madura
260 ## - PUBLICATION, DISTRIBUTION, ETC. (IMPRINT)
Place of publication, distribution, etc New Delhi
Name of publisher, distributor, etc Pearson
Date of publication, distribution, etc 2021
270 ## - ADDRESS
Address 15th floor,Tower-B,Word Trade Tower,Plot no.1,Block-C sec 16,
City Noida
Postal code 201301
Telephone number 04466540100
Electronic mail address companysecretary.india@pearson.com
300 ## - PHYSICAL DESCRIPTION
Extent various pages.
Dimensions 25cm(pbk)
942 ## - ADDED ENTRY ELEMENTS (KOHA)
Source of classification or shelving scheme Dewey Decimal Classification
Item type English Books
Classification part 332.024
Call number suffix MAD
Holdings
Withdrawn status Lost status Not for loan Collection code Home library Current library Date acquired Source of acquisition Cost, normal purchase price Full call number Barcode Copy number Cost, replacement price Koha item type
      Non-fiction Central Library Central Library 18/08/2020 DBAD/PUB 765.00 332.024 MAD EN-111882 1 765.00 English Books

© Delhi Public Library
Hit Counter
free hit counter